|
|
|
|
| LEADER |
01274nam a2200349 a 4500 |
| 001 |
EBC470524 |
| 003 |
MiAaPQ |
| 005 |
20200520144314.0 |
| 006 |
m o d | |
| 007 |
cr cn||||||||| |
| 008 |
080117s2008 enka s 001 0 eng |
| 010 |
|
|
|z 2008001338
|
| 020 |
|
|
|z 9781841127903 (pbk. : alk. paper)
|
| 020 |
|
|
|z 1841127906 (pbk. : alk. paper)
|
| 035 |
|
|
|a (MiAaPQ)EBC470524
|
| 035 |
|
|
|a (Au-PeEL)EBL470524
|
| 035 |
|
|
|a (CaPaEBR)ebr10301338
|
| 035 |
|
|
|a (CaONFJC)MIL237192
|
| 035 |
|
|
|a (OCoLC)609849465
|
| 040 |
|
|
|a MiAaPQ
|c MiAaPQ
|d MiAaPQ
|
| 050 |
|
4 |
|a HD31
|b .F5364 2008
|
| 082 |
0 |
4 |
|a 658.4/063
|2 22
|
| 100 |
1 |
|
|a Fisk, Peter
|q (Peter Robert)
|
| 245 |
1 |
0 |
|a Business genius
|h [electronic resource] :
|b a more inspired approach to business growth /
|c Peter Fisk.
|
| 260 |
|
|
|a Chichester, UK ;
|a Hoboken, NJ :
|b Capstone,
|c c2008.
|
| 300 |
|
|
|a x, 349 p. :
|b ill.
|
| 500 |
|
|
|a Includes index.
|
| 533 |
|
|
|a Electronic reproduction. Ann Arbor, MI : ProQuest, 2016. Available via World Wide Web. Access may be limited to ProQuest affiliated libraries.
|
| 650 |
|
0 |
|a Industrial management.
|
| 655 |
|
4 |
|a Electronic books.
|
| 710 |
2 |
|
|a ProQuest (Firm)
|
| 856 |
4 |
0 |
|u https://ebookcentral.proquest.com/lib/matrademy/detail.action?docID=470524
|z Click to View
|